Riconosci la Squadra di calcio - Quiz n°29 - Statistics

Statistiche generali
  • Questo quiz è stato fatto 38 volte
  • Il punteggio medio è 7 su 9
Statistiche sulle risposte
Indizio Risposta % Corretto
Colori sociali Rosso, bianco, verde, nero
100%
Titoli nazionali 15 Campionati polacchi
97%
Divisione nazionale 2023-2024 Prima
79%
Confederazione UEFA
79%
Capienza Stadio 30 805 posti
73%
Trofei internazionali 0
70%
Trofei nazionali 20 Coppe di Polonia 5 Supercoppe di Polonia 1 Coppa di Lega polacca
70%
Fondazione 1916
67%
Squadra Legia Varsavia
61%
Nessun quiz corrispondente trovato
Distribuzione punteggi
Percentuale di utenti per punteggio
Percentile per numero di risposta
I tuoi punteggi nel tempo
Non hai fatto questo quiz